Statistics for Inter Milan - Top 10 Goalscorers by season

Click here to take the quiz!

General Stats

  • This quiz has been taken 55 times
  • The average score is 33 of 61

Answer Stats

Answer% Correct
Lautaro Martinez
100%
Edin Dzeko
98%
Romelu Lukaku
98%
Alexis Sanchez
88%
Hakan Calhanoglu
88%
Mauro Icardi
88%
Nicolò Barella
88%
Ivan Perisic
85%
Henrikh Mkhitaryan
80%
Marcelo Brozovic
80%
Milan Skriniar
80%
Diego Milito
78%
Denzel Dumfries
76%
Achraf Hakimi
71%
Federico Dimarco
71%
Ashley Young
68%
Christian Eriksen
68%
Esteban Cambiasso
68%
Stefan De Vrij
68%
Joaquin Correa
66%
Rodrigo Palacio
66%
Wesley Sneijder
63%
Yuto Nagatomo
63%
Geoffrey Kondogbia
59%
Roberto Gagliardini
59%
Robin Gosens
59%
Fredy Guarin
56%
Matias Vecino
56%
Radja Nainggolan
56%
Stevan Jovetic
56%
Mateo Kovacic
54%
Danilo D'Ambrosio
51%
Joao Mario
51%
Maicon
51%
Matteo Darmian
51%
Walter Samuel
51%
Antonio Candreva
46%
Xherdan Shaqiri
46%
Keita Baldé
44%
Andrea Ranocchia
41%
Borja Valero
41%
Lukas Podolski
41%
Giampaolo Pazzini
39%
Eder
37%
Adem Ljajic
34%
Hernanes
34%
Jeison Murillo
34%
Juan Jesus
34%
Matteo Politano
34%
Ricardo Alvarez
34%
Antonio Cassano
32%
Ever Banega
32%
Daniel Osvaldo
29%
Jonathan
29%
Mauro Zarate
29%
Stefano Sensi
29%
Alvaro Pereira
27%
Rafinha Alcantara
27%
Tommaso Rocchi
22%
Rolando
20%
Thiago Motta
20%

Score Distribution

Percentile by Number Answered

Percent of People with Each Score

Your Score History

You have not taken this quiz